Bezpečná práca s elektrickým zariadením
Salvato in:
| Autore principale: | |
|---|---|
| Natura: | Libro |
| Lingua: | slovacco |
| Pubblicazione: |
Bratislava :
Práca,
1982
|
| Edizione: | 2. dopl.a preprac.vyd. |
| Soggetti: | |
| Tags: |
Nessun Tag, puoi essere il primo ad aggiungerne!!
|
MARC
| LEADER | 00000nam a22000003a 4500 | ||
|---|---|---|---|
| 001 | stu93053 | ||
| 005 | 20150617225616.9 | ||
| 008 | 050302s1982----xo------------------slo-d | ||
| 040 | |a STU |b slo | ||
| 041 | 0 | |a slo | |
| 044 | |a xo | ||
| 080 | |a 614.8 | ||
| 080 | |a 621.3.019.3 | ||
| 100 | 1 | |a Ďurďovič, Anton |4 aut | |
| 245 | 1 | |a Bezpečná práca s elektrickým zariadením | |
| 250 | |a 2. dopl.a preprac.vyd. | ||
| 260 | |a Bratislava : |b Práca, |c 1982 | ||
| 300 | |a 230 s | ||
| 650 | 7 | |a elektrické zariadenia |2 stusub | |
| 650 | 7 | |a bezpečnosť |2 stusub | |
| 996 | |b E49002 |c E*49002 |l EE05 |s P |a 0 |w stu93053_0001 | ||